000 00698nam a2200229Ia 4500
003 OSt
005 20221007064055.0
006 a|||||r|||| 00| 0
007 ta
008 221006b |||||||| |||| 00| 0 eng d
024 _a27,706
037 _cReports / Technical Reports
040 _aFLL
_cFLL
_beng
041 _2eng
_aeng
082 _aZ73wM41, K1
100 _aFrrankfurter Felix
_9685238
245 0 _aMr. justice Jolmes and athe supreme court
260 _aCambridge
_bThe Belknap Press of Harvard University Press Massachusetts
_c1961
300 _a112p
_ccm.
942 _hZ73wM41, K1
_cREP
_2CC
999 _c1132922
_d1132922